US Space Force Ranks - Statistics

General Stats
  • This quiz has been taken 158 times
  • The average score is 15 of 19
Answer Stats
Hint Answer % Correct
E-5 Sergeant
89%
E-7 Master Sergeant
83%
O-3 Captain
80%
E-9 Chief Master Sergeant
79%
O-10 General
79%
O-4 Major
79%
E-1 Specialist 1
79%
O-6 Colonel
78%
O-1 Second Lieutenant
77%
E-2 Specialist 2
77%
E-3 Specialist 3
77%
O-2 First Lieutenant
76%
E-4 Specialist 4
76%
E-6 Technical Sergeant
76%
O-5 Lieutenant Colonel
75%
O-8 Major General
75%
O-9 Lieutenant General
74%
O-7 Brigadier General
72%
E-8 Senior Master Sergeant
69%
No matching quizzes found
Score Distribution
Percent of People with Each Score
Percentile by Number Answered
Your Score History
You have not taken this quiz